Statistics for Top 10 Most Popular Fruits

Click here to take the quiz!

General Stats

  • This quiz has been taken 5,595 times
    (5,591 since last reset)
  • The average score is 8 of 10

Answer Stats

RankFruit% Correct
6Apple
98%
1Bananas
93%
5Oranges
93%
3Strawberries
86%
8Grapes
83%
2Watermelon
68%
7Pineapple
65%
4Mango
61%
10Lemons
60%
9Cherries
53%

Score Distribution

Percentile by Number Answered

Percent of People with Each Score

Your Score History

You have not taken this quiz since the last reset